000 01050nam a2200169Ia 4500
001 6552
008 260430s9999 xx 000 0 und d
020 _a9780500543627
245 4 _aThe eternal light of Egypt:
_bA photographic journey/
_cSarite Sanders
260 _aLondon;
_bThames & Hudson;
_c2008
300 _a248p;
_c29x25cm
520 _aThe book is a visual and interpretive exploration of ancient Egypt, centered on its monuments—pyramids, temples, statues, and landscapes—rather than a conventional historical narrative. It combines fine-art photography with reflective text, creating a meditative rather than purely descriptive account. At its core, the work presents Egypt’s monuments as living symbols of time, memory, and transcendence. Through the use of infrared photography, the images appear dark, atmospheric, and almost otherworldly, encouraging readers to reconsider familiar sites from a new perspective.
546 _aEnglish
650 _aTR624-835 Technology- Applied Photography
651 _aEgypt
942 _cBK
999 _c6552
_d6552